The geology of the Stonington region, Connecticut, (Record no. 26466)

MARC details
000 -LEADER
fixed length control field 01007cam a22002651 4500
001 - CONTROL NUMBER
control field gs 26000197
003 - CONTROL NUMBER IDENTIFIER
control field DLC
005 - DATE AND TIME OF LATEST TRANSACTION
control field 20260227111330.0
008 - FIXED-LENGTH DATA ELEMENTS--GENERAL INFORMATION
fixed length control field 750828s1925 xx s000 0 eng
010 ## - LIBRARY OF CONGRESS CONTROL NUMBER
LC control number gs 26000197
035 ## - SYSTEM CONTROL NUMBER
System control number (OCoLC)1578427
040 ## - CATALOGING SOURCE
Original cataloging agency DLC
Transcribing agency CtHT
Modifying agency OCoLC
-- DLC
042 ## - AUTHENTICATION CODE
Authentication code premarc
050 00 - LIBRARY OF CONGRESS CALL NUMBER
Classification number QE94.S8
Item number M3 1925
082 ## - DEWEY DECIMAL CLASSIFICATION NUMBER
Classification number 547.46
100 1# - MAIN ENTRY--PERSONAL NAME
Personal name Martin, Laura Hatch,
Dates associated with a name 1884-
245 14 - TITLE STATEMENT
Title The geology of the Stonington region, Connecticut,
Statement of responsibility, etc. by Laura Hatch Martin, Ph.D.
260 ## - PUBLICATION, DISTRIBUTION, ETC.
Place of publication, distribution, etc. Hartford,
Name of publisher, distributor, etc. Printed by the State Geological and Natural History Survey,
Date of publication, distribution, etc. 1925.
300 ## - PHYSICAL DESCRIPTION
Extent 70, [4] p., 3 l.
Other physical details illus., VIII pl., fold. map.
Dimensions 23 cm.
410 20 - SERIES STATEMENT/ADDED ENTRY--CORPORATE NAME [OBSOLETE, CAN/MARC], [LOCAL, USA]
Corporate name or jurisdiction name as entry element State Geological and Natural History Survey of Connecticut.
Title of a work Bulletin
Volume number/sequential designation no. 33
500 ## - GENERAL NOTE
General note State of Connecticut. Public document no. 47.
500 ## - GENERAL NOTE
General note Published also as thesis (Ph. D.) University of Chicago, 1916.
650 #0 - SUBJECT ADDED ENTRY--TOPICAL TERM
Topical term or geographic name entry element Geology
Geographic subdivision Connecticut
-- Stonington.
740 0# - ADDED ENTRY--UNCONTROLLED RELATED/ANALYTICAL TITLE
Uncontrolled related/analytical title Stonington region, Connecticut, Geology of.

No items available.

Powered by Koha